1577 1899 1824 1109 1281 1454 1678 1666 1900 1255 1486 1688 1613 1938 1469 1263 1098 1146 1622 1058 1130 1942 1057 1769 1079 1875 1632 1824 1755 1762 1761 1271 1185 1781 1673 1711 1352 1611 1258 1367 1404 1904 1806 1281 1487 1786 1067 1106 1474 1060 1726 1951 1423 1488 1942 1019 1098 1382 1649 1464 1707 1384 1306 1026 1377 1927 1857 1180 1438 1962 1525 1726 1904 1527 1772 1689 1240 1251 1563 1327 1363 1042 1130 1500 1892 1949 1442 1039 1783 1899 1558 1031 1660 1345 1560 1162 1926 1144 1428 BCNSPRNW ULIB Ver.6.0+V

เปลี่ยนเป็นภาษาไทย

Change to English
 แสดงรายละเอียดบรรณานุกรม
  กลับหน้าหลัก

Brief Record : Get Marc (ISO 2709) : E-mail record : QR code < ปิดหน้าต่าง
LEADER : 00000nam 2200000uu 4500
001    13399122741
003     ULIB
008    020711s2545 th a 000 0 tha d
020    9749047028
050    HD69T54^bท165ก
100    Brian Tracy
245    กินกบตัวนั้นซะ =^bEat that frog /^cBrian Tracy
250    พิมพ์ครั้งที่ 1
260    กรุงเทพฯ :^bTree Publishing,^c2545
300    121 หน้า
700    วรรธนา วงษ์ฉัตร,^eแปล
945    ^p160^l0^i015431
999    ^aกัณชพร
รายการนี้ยังไม่มีแท็ก
คุณยังไม่ได้ล็อกอิน คุณสามารถมีกิจกรรมร่วมกับเว็บไซต์ได้ แต่ต้องล็อกอินก่อน ::
  ล็อกอิน

รายการสื่อสารสนเทศ

ลำดับที่ ประเภท เลขเรียก/บาร์โค้ด สถานที่ สถานะ
1. การศึกษาทั่วไป
การศึกษาทั่วไป
HD69T54 ท165ก ฉ.1 
  Barcode: 015431
ห้องสมุดวิทยาเขตนครสวรรค์
►หนังสือทั่วไป:l:General Books
บนชั้น

BibComment


ยังไม่เคยถูกคอมเมนท์

คอมเมนท์ทรัพยากรรายการนี้
  คอมเมนท์: กินกบตัวนั้นซะ E..


 Copyright 2026. Bcnsprnw @Library